| 000 | 00663nam a22001937a 4500 | ||
|---|---|---|---|
| 003 | BD-DhUL | ||
| 005 | 20180508140955.0 | ||
| 008 | 180508s1943 ii ||||| |||| 00| 0 ben d | ||
| 040 |
_aBD-DhUL _cBD-DhUL |
||
| 082 |
_a891.443 _bMIM |
||
| 100 | 1 | _aমিত্র, প্রেমেন্দ্র | |
| 245 | 0 | 0 |
_aমহানগর / _cপ্রেমেন্দ্র মিত্র |
| 250 | _a১ম সং. | ||
| 260 |
_aকলিকাতা : _bপূর্ব্বাশা, _c১৯৪৩। |
||
| 300 |
_a৯৬ পৃ. ; _c২০ সেমি. |
||
| 650 | 4 | _aবাংলা উপন্যাস | |
| 650 | 4 | _aBengali fiction | |
| 942 |
_2ddc _cBK |
||
| 999 |
_c241083 _d241083 |
||